01478nam a2200193Ia 450000500170000000800410001704000440005804100080010208200120011010000310012224500320015326000570018530000310024249000390027350007130031250502130102550600210123865000250125920240220144733.0130821q1935 ck fr dspa  aCo-BoUCMbspacSandra YazodSandra Yazo aspa04a8652201 aSolano, Armandod1887-195310aProsas.cPor Armando Solano aBogotá (Colombia)bEditorial Minerva S. A. c1935? a158 páginasc18 x 14 cm. 0aBiblioteca Aldeana de Colombiav10 aDetalles físicos: Sin encuadernación original. Actualmente: Encuadernación rígida (holandesa) en cartón forrado en papel jaspeado en tono azul. Lomo de tela, con letras y líneas decorativas en dorado. Tapas con desgaste en bordes, residuos de cinta pegante. Cortes decorados (jaspeado azul). Guardas. Hoja de cortesía. Portada impresa en una sola tinta. Grabado con el emblema de la Colección. Texto impreso en una sola columna, con diferentes tipos y tamaños de letra. Notas de pie de página. Papel oxidado en bordes de las hojas. En la encuadernación (lomo) se indica una numeración (10). Colección Aldeana de Colombia es una selección de Samper Ortega de Literatura Colombiana.0 aArmando Solano ; Conferencias: La melancolía de la raza indígena ; El alma boyacense ; La situación del campesino en Colombia ; Ciudades de Colombia: Bogotá, Buga, Cali, Cartago, Manizales, Popayán. aConsulta en sala 7aEnsayos colombianos